| 000 | 00333nam a2200121Ia 4500 | ||
|---|---|---|---|
| 008 | 210430s9999 xx 000 0 und d | ||
| 082 | _a954.92 U48 E | ||
| 100 |
_aBadruddin Umar _953680 |
||
| 245 | 4 |
_aThe Emergence of Bangladesh vol2 _cBadruddin Umar |
|
| 260 |
_aPakistan _bAmeena Saiyid _c2006 |
||
| 300 | _a371p | ||
| 942 |
_cBK _2ddc |
||
| 999 |
_c563846 _d563846 |
||